000 00829nam a2200217Ia 4500
003 GCL
008 140319s9999 xx 000 0 ara d
040 _aGCL /
_cGCL
082 0 4 _a810.80382
_bا ر
100 1 _aابن قيم الجوزية: شمس الدين ابو عبدالله محمد بن ابى بكر
245 1 0 _aروضة المحبين ونزهة المشتاقين /
_cابن قيم الجوزية: شمس الدين ابو عبدالله محمد بن ابى بكر
700 1 _aعصام فارس الحرستانى (محقق)
700 1 _aمحمد يونس شعيب (تحقيق)
260 _aبيروت :
_bدار الجيل ،
_c1993
300 _a531 ص
490 _a
650 0 4 _aالادب العربى
650 0 4 _aصدر الاسلام
650 0 4 _aالمجموعات
942 _2ddc
_cBK
999 _c55194
_d55194